Organización de presupuestos y su control administrativo en la construcción de edificios

Uloženo v:
Podrobná bibliografie
Hlavní autor: Fait L, Alberto
Médium: Neznámo
Vydáno: [San José, Costa Rica] 1965
Témata:
Tagy: Přidat tag
Žádné tagy, Buďte první, kdo vytvoří štítek k tomuto záznamu!

MARC

LEADER 00000 a2200000 4500
003 011240
005 20221231143811.0
008 140114s1965 c a m 000 ||s d
040 |c cru CEDI 
090 |a TFG 295 
100 |a Fait L, Alberto  |9 17707 
245 |a Organización de presupuestos y su control administrativo en la construcción de edificios 
260 |c 1965  |a [San José, Costa Rica] 
300 |a  72 hojas, gráficos (plegables) ; 29 cm  
500 |a A la cabeza de la portada Tesis de Grado. Universidad de Costa Rica. Escuela de Ingeniería 
501 |a  Ed. mimeografiada.  
650 |x CONSTRUCCION   |x  PRESUPUESTOS  |9 17708 
942 |c TFG 
999 |c 12192  |d 12192